JAVA 2 The Complete Reference (Record no. 4361)

MARC details
000 -LEADER
fixed length control field 00336nam a2200145Ia 4500
008 - FIXED-LENGTH DATA ELEMENTS--GENERAL INFORMATION
fixed length control field 191201s2011 xx 000 0 und d
082 ## - DEWEY DECIMAL CLASSIFICATION NUMBER
Classification number 005.133
Item number SCJ
100 ## - MAIN ENTRY--PERSONAL NAME
Personal name SCHILDT,Herbert
245 #0 - TITLE STATEMENT
Title JAVA 2 The Complete Reference
250 ## - EDITION STATEMENT
Edition statement Rep
260 ## - PUBLICATION, DISTRIBUTION, ETC. (IMPRINT)
Place of publication, distribution, etc N.Delhi
Name of publisher, distributor, etc TMH
Date of publication, distribution, etc 2011
300 ## - PHYSICAL DESCRIPTION
Extent 1154
650 ## - SUBJECT ADDED ENTRY--TOPICAL TERM
Topical term or geographic name as entry element MCA
942 ## - ADDED ENTRY ELEMENTS (KOHA)
Source of classification or shelving scheme Dewey Decimal Classification
Koha item type Text Books
942 ## - ADDED ENTRY ELEMENTS (KOHA)
-- 9
Holdings
Withdrawn status Lost status Source of classification or shelving scheme Damaged status Not for loan Collection code Home library Current library Date acquired Source of acquisition Cost, normal purchase price Bill Number Total Checkouts Full call number Acc. no. / Barcode Date last seen Bill Date Koha item type Date last borrowed
    Dewey Decimal Classification     Computer Science & Engineering in Cyber Security PIET C-LIBRARY PIET C-LIBRARY 21/01/2010 J B C, New Delhi 485.00 SI-4225   005.133 SCJ 14603 04/12/2019 18/01/2010 Text Books  
    Dewey Decimal Classification     Computer Science & Engineering in Cyber Security PIET C-LIBRARY PIET C-LIBRARY 21/01/2010 J B C, New Delhi 485.00 SI-4225 3 005.133 SCJ 14604 11/12/2023 18/01/2010 Text Books 21/11/2023
    Dewey Decimal Classification     Computer Science and Engineering in AI & Machine Learning PIET C-LIBRARY PIET C-LIBRARY 21/01/2010 J B C, New Delhi 485.00 SI-4225 4 005.133 SCJ 14605 11/12/2023 18/01/2010 Text Books 21/11/2023
    Dewey Decimal Classification     Computer Science and Engineering in AI & Machine Learning PIET C-LIBRARY PIET C-LIBRARY 21/01/2010 J B C, New Delhi 485.00 SI-4225 1 005.133 SCJ 14606 31/12/2021 18/01/2010 Text Books 24/12/2021
    Dewey Decimal Classification     Computer Science and Engineering in AI & Machine Learning PIET C-LIBRARY PIET C-LIBRARY 21/01/2010 J B C, New Delhi 485.00 SI-4225 4 005.133 SCJ 14607 02/03/2022 18/01/2010 Text Books 29/12/2021

Design & Developed by: PIET Central Library
R70 Miles Stone Pattikalyana Samalkha Panipat 132102
mail ID :- [email protected], Phone No:- 0180-2569700 Ex.216